[Event "POL-chT U20 2nd League"]
[Site "Sypniewo"]
[Date "2020.??.??"]
[Round "4.49"]
[White "Wnek, Filip"]
[Black "Grodecki, Filip"]
[Result "1-0"]
[WhiteElo "1981"]
[BlackElo "1753"]
[PlyCount "51"]
[EventDate "2020.10.23"]
[EventType "team-swiss"]
[EventRounds "9"]
[EventCountry "POL"]
[SourceTitle "CBM 199 Extra"]
[Source "ChessBase"]
[SourceDate "2021.01.31"]
[SourceVersion "1"]
[SourceVersionDate "2021.01.31"]
[SourceQuality "1"]

1. e4 c5 2. Nf3 g6 3. d4 cxd4 4. Nxd4 Nc6 5. Nc3 Bg7 6. Be3 Nf6 7. Bc4 0-0 8. Bb3 d6 9. f3 Na5 10. Qd2 Nxb3 11. cxb3 Bd7 12. 0-0-0 a6 13. h4 b5 14. h5 Qa5 15. Kb1 Rfc8 16. Bh6 b4 17. Nd5 Bxh6 18. Qxh6 Nxd5 19. exd5 Qxd5 20. hxg6 Bf5+ 21. Ka1 Bxg6 22. f4 Be4 23. f5 Qe5 24. Qxh7+ Kf8 25. Rhf1 Qg7 26. Ne6+ 1-0

[Event "Mazowiec-chT op 1819"]
[Site "Warsaw"]
[Date "2019.02.17"]
[Round "7.10"]
[White "Sentowski, Sebastian"]
[Black "Grodecki, Filip"]
[Result "1/2-1/2"]
[WhiteElo "1761"]
[BlackElo "1475"]
[PlyCount "116"]
[EventDate "2018.12.02"]
[EventType "team-swiss"]
[EventRounds "10"]
[EventCountry "POL"]
[SourceTitle "EXT 2020"]
[Source "ChessBase"]
[SourceDate "2019.10.17"]
[SourceVersion "1"]
[SourceVersionDate "2019.10.17"]
[SourceQuality "1"]

1. d4 d5 2. c4 c6 3. Nc3 Nf6 4. Nf3 a6 5. cxd5 cxd5 6. Bg5 e6 7. e3 Be7 8. Bd3 Nc6 9. 0-0 h6 10. Bh4 g5 11. Bg3 Nd7 12. Rc1 h5 13. h3 Nb6 14. Ne5 Nxe5 15. Bxe5 Bf6 16. Bg3 Be7 17. Nb5 axb5 18. Bc7 Qd7 19. Bxb6 Bd6 20. Qe2 Qe7 21. Bxb5+ Kf8 22. Bc5 g4 23. Bxd6 Qxd6 24. h4 Kg7 25. a3 Bd7 26. g3 Rhc8 27. Bxd7 Qxd7 28. Qd2 Rxc1 29. Rxc1 Rc8 30. Rxc8 Qxc8 31. Qc3 Qd7 32. b3 Qb5 33. Qc2 Qa5 34. a4 b5 35. Kg2 bxa4 36. bxa4 Qb4 37. Qc6 Qd2 38. Qb5 Qd1 39. a5 Qf3+ 40. Kg1 Qd1+ 41. Qf1 Qa4 42. a6 f5 43. Qe2 Kf6 44. Kg2 Kf7 45. f3 Kg7 46. fxg4 hxg4 47. Kf2 Kf6 48. Qd3 Qa2+ 49. Qe2 Qa4 50. Ke1 Qa1+ 51. Kd2 Qb2+ 52. Kd3 Qb3+ 53. Kd2 Qb2+ 54. Ke1 Qa1+ 55. Kf2 Qa4 56. Kg2 Kg6 57. Kh2 Kg7 58. Kh1 Kf6 1/2-1/2

[Event "Mazowiec-chT op 1819"]
[Site "Warsaw"]
[Date "2019.01.13"]
[Round "6.2"]
[White "Grodecki, Filip"]
[Black "Krasiewicz, Robert"]
[Result "1/2-1/2"]
[WhiteElo "1475"]
[BlackElo "1934"]
[PlyCount "116"]
[EventDate "2018.12.02"]
[EventType "team-swiss"]
[EventRounds "10"]
[EventCountry "POL"]
[SourceTitle "EXT 2020"]
[Source "ChessBase"]
[SourceDate "2019.10.17"]
[SourceVersion "1"]
[SourceVersionDate "2019.10.17"]
[SourceQuality "1"]

1. d4 g6 2. Nf3 Bg7 3. Bf4 f5 4. e3 Nf6 5. Bc4 e6 6. Nc3 d6 7. 0-0 0-0 8. Re1 h6 9. h3 Nc6 10. a3 Ne7 11. Ne2 Qe8 12. Bg3 g5 13. c3 Ne4 14. Qb3 Qf7 15. Rf1 g4 16. hxg4 fxg4 17. Nh2 Nd2 18. Qa2 Nxf1 19. Nxf1 Nf5 20. Nf4 d5 21. Bb3 c6 22. e4 Nxg3 23. fxg3 Kh8 24. e5 Bd7 25. Ne3 Rg8 26. Rf1 Qe8 27. Bc2 Bf8 28. Qb1 Qd8 29. Ng6+ Rxg6 30. Bxg6 Qg5 31. Rf4 h5 32. Qd3 Bh6 33. Nc2 Rf8 34. Rxf8+ Bxf8 35. Qf1 Qxg6 36. Qxf8+ Kh7 37. Qe7+ Qg7 38. Qxg7+ Kxg7 39. Kf2 Be8 40. Na1 Bg6 41. Nb3 b6 42. Nc1 Kh6 43. Ne2 Kg5 44. Ke3 c5 45. b4 c4 46. Nf4 Bf7 47. Ne2 Bg6 48. Nf4 Bf5 49. Ne2 Bh7 50. Nf4 Bg8 51. Ne2 Bf7 52. Nf4 Bg8 53. Ne2 Bh7 54. Nf4 Bf5 55. Ne2 b5 56. Nf4 h4 57. gxh4+ Kxh4 58. Ne2 g3 1/2-1/2

[Event "Mazowiec-chT op 1819"]
[Site "Warsaw"]
[Date "2018.12.09"]
[Round "3.18"]
[White "Wypych, Dominik"]
[Black "Grodecki, Filip"]
[Result "1/2-1/2"]
[WhiteElo "2091"]
[BlackElo "1475"]
[PlyCount "107"]
[EventDate "2018.12.02"]
[EventType "team-swiss"]
[EventRounds "10"]
[EventCountry "POL"]
[SourceTitle "EXT 2020"]
[Source "ChessBase"]
[SourceDate "2019.10.17"]
[SourceVersion "1"]
[SourceVersionDate "2019.10.17"]
[SourceQuality "1"]

1. d4 d5 2. c4 c6 3. Nf3 Nf6 4. g3 g6 5. Bg2 Bg7 6. 0-0 0-0 7. cxd5 cxd5 8. Nc3 Nc6 9. Bf4 Bf5 10. Rc1 Rc8 11. a3 Ne4 12. Na4 Na5 13. Ne5 Rxc1 14. Qxc1 Qc8 15. f3 Nd6 16. g4 Bd7 17. Nc3 Bc6 18. e3 Ndc4 19. Nd3 b6 20. b4 Nb3 21. Qc2 Nxd4 22. exd4 Bxd4+ 23. Kh1 Nxa3 24. Qb3 Nc4 25. Re1 Re8 26. Ne5 Nxe5 27. Bxe5 Bxe5 28. Rxe5 d4 29. Nd1 Qc7 30. f4 Rc8 31. Bf3 Qd7 32. Nf2 d3 33. Bxc6 Qxc6+ 34. Qd5 Qc1+ 35. Kg2 Rc2 36. Rxe7 Qxf4 37. Re8+ Kg7 38. Qe5+ Qxe5 39. Rxe5 d2 40. Rd5 a5 41. bxa5 bxa5 42. Kf3 a4 43. Nd1 a3 44. Ke2 a2 45. Ra5 Kh6 46. h3 Kg7 47. Ra6 Kf8 48. Ra7 f5 49. gxf5 gxf5 50. Ne3 Rb2 51. Nd1 Rc2 52. Ne3 Rb2 53. Nd1 Rc2 54. Ne3 1/2-1/2

[Event "Mazowiec-chT op 1617"]
[Site "Warsaw"]
[Date "2017.01.29"]
[Round "8.11"]
[White "Stepien, Pawel"]
[Black "Grodecki, Filip"]
[Result "0-1"]
[WhiteElo "1452"]
[BlackElo "1459"]
[PlyCount "82"]
[EventDate "2016.12.11"]
[EventType "team-swiss"]
[EventRounds "10"]
[EventCountry "POL"]
[SourceTitle "EXT 2019"]
[Source "ChessBase"]
[SourceDate "2018.10.10"]
[SourceVersion "1"]
[SourceVersionDate "2018.10.10"]
[SourceQuality "1"]

1. e4 c5 2. c3 g6 3. d4 cxd4 4. cxd4 Bg7 5. Nf3 d5 6. e5 Nh6 7. h3 0-0 8. Bd3 f6 9. Qe2 Nc6 10. 0-0 Nf7 11. Bf4 Qb6 12. exf6 exf6 13. Rd1 Bd7 14. Nc3 Rfe8 15. Nxd5 Qa5 16. Ne3 f5 17. Bc4 Re4 18. Bxf7+ Kxf7 19. Ng5+ Kg8 20. Nxe4 fxe4 21. Qc4+ Kh8 22. d5 b5 23. Qxe4 Re8 24. Qc2 Nd4 25. Qd2 Qa6 26. Kh1 g5 27. Bg3 Qh6 28. Kg1 Bxh3 29. Re1 Rf8 30. Nc2 Bxg2 31. Kxg2 Nf3 32. Qe3 Qh5 33. Rh1 Qg4 34. Qe6 Nh4+ 35. Kf1 Qxg3 36. Qe3 Qg2+ 37. Ke2 Qxd5 38. Rxh4 gxh4 39. Nb4 Qh5+ 40. Kd3 Rf3 41. Nd5 Qxd5+ 0-1

[Event "Mazowiec-chT op 1617"]
[Site "Warsaw"]
[Date "2017.01.08"]
[Round "3.16"]
[White "Lesniak, Marek"]
[Black "Grodecki, Filip"]
[Result "1-0"]
[WhiteElo "1938"]
[BlackElo "1459"]
[PlyCount "81"]
[EventDate "2016.12.11"]
[EventType "team-swiss"]
[EventRounds "10"]
[EventCountry "POL"]
[SourceTitle "EXT 2019"]
[Source "ChessBase"]
[SourceDate "2018.10.10"]
[SourceVersion "1"]
[SourceVersionDate "2018.10.10"]
[SourceQuality "1"]

1. c4 c6 2. Nc3 Nf6 3. d4 d5 4. Nf3 a6 5. Bg5 e6 6. e3 Nbd7 7. Bd3 dxc4 8. Bxc4 Be7 9. 0-0 Nf8 10. Qc2 Ng6 11. Rad1 b5 12. Bd3 Bb7 13. Rfe1 Rc8 14. a3 Qc7 15. Bxf6 Bxf6 16. Ne4 Be7 17. Rc1 0-0 18. Nc5 Rfe8 19. Be4 Bd6 20. Red1 Kh8 21. Qe2 Ne7 22. Ng5 Nf5 23. Bxf5 exf5 24. Qh5 h6 25. Nxf7+ Kg8 26. Nxd6 Qxd6 27. Nxb7 Qe7 28. Nc5 f4 29. exf4 Rcd8 30. g3 a5 31. f5 Rd5 32. Qg6 Rd6 33. Qg4 Rf8 34. Ne4 h5 35. Qf3 Rd5 36. f6 Qd7 37. Qe3 gxf6 38. Qh6 Qf5 39. Rxc6 Qxe4 40. Rc7 Rg5 41. h4 1-0

[Event "Mazowiec-chT op 1617"]
[Site "Warsaw"]
[Date "2017.01.08"]
[Round "4.8"]
[White "Syrkiewicz, Michal"]
[Black "Grodecki, Filip"]
[Result "0-1"]
[WhiteElo "1245"]
[BlackElo "1459"]
[PlyCount "60"]
[EventDate "2016.12.11"]
[EventType "team-swiss"]
[EventRounds "10"]
[EventCountry "POL"]
[SourceTitle "EXT 2019"]
[Source "ChessBase"]
[SourceDate "2018.10.10"]
[SourceVersion "1"]
[SourceVersionDate "2018.10.10"]
[SourceQuality "1"]

1. c4 c6 2. g3 d5 3. cxd5 cxd5 4. d4 Nf6 5. Bg2 Nc6 6. Nc3 Bf5 7. e3 e6 8. Nf3 Be7 9. 0-0 0-0 10. h3 Rc8 11. Nh4 Be4 12. Nxe4 Nxe4 13. Nf3 Qb6 14. a3 Na5 15. Ne5 Rc7 16. b4 Nc4 17. Nxc4 Rxc4 18. Bxe4 dxe4 19. Qe2 Rfc8 20. Bd2 e5 21. dxe5 Qe6 22. Kg2 Qxe5 23. Rac1 Rc2 24. Rxc2 Rxc2 25. Qd1 Qb2 26. Bc1 Qc3 27. Qe1 Qc4 28. Kh2 Bf6 29. Kg2 h5 30. h4 g6 0-1

[Event "Mazowiec-chT op 1617"]
[Site "Warsaw"]
[Date "2016.12.11"]
[Round "2.16"]
[White "Grodecki, Filip"]
[Black "Mankowski, Sebastian"]
[Result "1/2-1/2"]
[WhiteElo "1459"]
[BlackElo "1434"]
[PlyCount "34"]
[EventDate "2016.12.11"]
[EventType "team-swiss"]
[EventRounds "10"]
[EventCountry "POL"]
[SourceTitle "EXT 2019"]
[Source "ChessBase"]
[SourceDate "2018.10.10"]
[SourceVersion "1"]
[SourceVersionDate "2018.10.10"]
[SourceQuality "1"]

1. e4 c5 2. Nf3 Nc6 3. Bb5 e6 4. Bxc6 bxc6 5. c4 Ne7 6. 0-0 d5 7. e5 Ba6 8. Na3 Qb6 9. d3 Ng6 10. Qc2 Be7 11. Be3 0-0 12. Rac1 d4 13. Bd2 Rab8 14. Rb1 Qc7 15. Rfe1 Bc8 16. Re4 Bd7 17. g3 f5 1/2-1/2